01215nab a22002417a 4500999001500000003000400015005001700019008004100036040000700077100003000084245010000114260007300214300001300287500004500300505024800345505008900593650002600682650002800708650004200736650003100778773015100809942001300960 c5511d5511OSt20251210145752.0190604e xxu||||| |||| 00| 0 spa d cPJ 96175aIbañez, Priscila 13aEl DNU 340/25 :bmás servicios esenciales, menos derechos fundamentales /cPriscila Ibañez. aCiudad Autónoma de Buenos Aires :bThomson Reuters La Ley, c2025. ap. 69-74 aCita Online: TR LALEY AR/DOC/1992/2025.  aSumario: I. Introducción.— II. La tutela de la libertad sindical.— III. Cuestiones de constitucionalidad en torno al DNU.— IV. La noción de esencialidad: los lineamientos de la OIT y el quiebre del DNU.— V. Consideraciones finales. t¿Te interesa el texto completo? Solicitalo al correo: koha@justierradelfuego.gov.ar 091316aDERECHO LABORAL 094564aDERECHO DE HUELGA 09200aDECRETOS DE NECESIDAD Y URGENCIA 095622aSERVICIOS ESENCIALES0 0271493171dCiudad Autónoma de Buenos Aires : Thomson Reuters La Ley, 2014-tRevista anales de legislación argentina. Nº 9 - Septiembre 2025. 2udccANA